书目信息 |
| 题名: |
2007硕士学位研究生入学资格考试
|
|
| 作者: | 刘庆华 主编 ;全国工程硕士专业学位教育指导委员会 组编 | |
| 分册: | GCT数学考前辅导教程 | |
| 出版信息: | 北京 清华大学出版社 2007.04 |
|
| 页数: | 301页 | |
| 开本: | 23cm | |
| 丛书名: | ||
| 单 册: | ||
| 中图分类: | O13 | |
| 科图分类: | ||
| 主题词: | 高等数学--gao deng shu xue--研究生--入学考试--自学参考资料 | |
| 电子资源: | ||
| ISBN: | 978-7-302-15019-0 | |
| 000 | 01325nam0 2200265 450 | |
| 001 | 012008020942 | |
| 005 | 20080508160201.82 | |
| 010 | @a978-7-302-15019-0@dCNY29.00 | |
| 100 | @a20080507d2007 em y0chiy0120 ea | |
| 101 | 0 | @achi |
| 102 | @aCN@b110000 | |
| 105 | @aa z 000yy | |
| 106 | @ar | |
| 200 | 1 | @a2007硕士学位研究生入学资格考试@A2007 shuo shi xue wei yan jiu sheng ru xue zi ge kao shi@iGCT数学考前辅导教程@f全国工程硕士专业学位教育指导委员会组编@Fquan guo gong cheng shuo shi zhuan ye xue wei jiao yu zhi dao wei yuan hui zu bian@g刘庆华主编@Gliu qing hua zhu bian |
| 210 | @a北京@c清华大学出版社@d2007.04 | |
| 215 | @a301页@c图@d23cm | |
| 330 | @a本书是根据“工程硕士专业学位研究生入学资格考试指南”编写的数学辅导教材。全书安排算术、初等代数、几何与三角、一元微积分以及线性代数学5部分内容,共18章。 | |
| 517 | 1 | @aGCT数学考前辅导教程@AGCT shu xue kao qian fu dao jiao cheng |
| 517 | 1 | @a硕士学位研究生入学资格考试@Ashuo shi xue wei yan jiu sheng ru xue zi ge kao shi |
| 606 | 0 | @a高等数学@Agao deng shu xue@x研究生@x入学考试@j自学参考资料 |
| 690 | @aO13@v4 | |
| 701 | 0 | @a刘庆华@Aliu qing hua@4主编 |
| 712 | 02 | @a全国工程硕士专业学位教育指导委员会@Aquan guo gong cheng shuo shi zhuan ye xue wei jiao yu zhi dao wei yuan hui@4组编 |
| 801 | 0 | @aCN@bQSSK@c20080508 |
| 905 | @b706775-77@dO13@eL662@f3 | |
| 2007硕士学位研究生入学资格考试.GCT数学考前辅导教程/全国工程硕士专业学位教育指导委员会组编/刘庆华主编.-北京:清华大学出版社,2007.04 |
| 301页:图;23cm |
| ISBN 978-7-302-15019-0:CNY29.00 |
| 本书是根据“工程硕士专业学位研究生入学资格考试指南”编写的数学辅导教材。全书安排算术、初等代数、几何与三角、一元微积分以及线性代数学5部分内容,共18章。 |
| ● |
| 相关链接 |
|
|
|
正题名:2007硕士学位研究生入学资格考试
索取号:O13/L662
 
预约/预借
| 序号 | 登录号 | 条形码 | 馆藏地/架位号 | 状态 | 备注 |
| 1 | 706775 | 207067751 | 自科库401/401自科库 106排7列6层/ [索取号:O13/L662] | 在馆 | |
| 2 | 706776 | 207067760 | 自科库401/ [索取号:O13/L662] | 在馆 | |
| 3 | 706777 | 207067779 | 自科库401/401自科库 106排7列6层/ [索取号:O13/L662] | 在馆 |